Responses for show #7663 - Wednesday, December 27, 2017

Contestants

Sarah Walsh, a children’s librarian from Rockville, Maryland

Kevin Foley, a police captain from Mount Sinai, New York

Ami Li, a freelance writer from Lyme, Connecticut (whose 1-day cash winnings total $14,200)

Jeopardy! Round responses

KILLING GARY OLDMAN
RHYME TIME FASHION
HISTORIC DATES
I GOT 3 I'S ON YOU
HODGEPODGE
IF THE BEES WENT AWAY...
    $200 9
Hannibal Lecter

Kevin
    $200 1
better sweater

Kevin
    $200 2
the Bastille

Kevin
    $200 3
prohibition

Sarah
    $200 8
arches

Ami
    $200 24
avocado

Kevin
    $400 10
Air Force One

Kevin
    $400 4
(Sarah: What is a maxi...)

a brown gown

Sarah
Triple Stumper
    $400 14
the Alamo

Ami
    $400 22
primitive

Sarah
    $400 18
kaiser

Sarah
    $400 25
(Alex: With less than a minute now.)

cotton

Sarah
    $600 11
Lee Harvey Oswald

Ami
    $600 5
a Dutch clutch

Sarah
    $1,000 15
the Boston Tea Party

Ami
    $600 23
sacrificial

Ami
    $600 19
(Ami: What is defenseman?)

right wing

AmiKevin
    $600 26
the sunflower

Sarah
    $800 12
Dracula

Kevin
    $800 6
an urban turban

Ami
    $800 16
the Lusitania

Sarah
    $800 29
requisition

Kevin
    $800 20
woodwinds

Ami
    $800 27
baklava

Ami
    $1000 13
Natalie Portman

Ami
    $1000 7
a picky dickie (or tricky dickie)

Sarah
    $1000 17
April 14, 1865

Ami
    $1000 30
Virginia (Dare)

Ami
    $1000 21
Singapore

Sarah
    $1000 28
fodder (or forage)

Kevin

Scores at the first commercial break (after clue 15):

Ami Kevin Sarah
$4,000 $1,800 $1,400

Scores at the end of the Jeopardy! Round:

Ami Kevin Sarah
$7,600 $4,400 $5,000

Double Jeopardy! Round responses

HIP-HOP & R&B 2017
SHAKESPEARE IN THE PARK
AROUND THE PACIFIC
TRANSLATE THE LANGUAGE
TIME FOR SECONDS
THE IMPORTANCE OF BEING ERNEST
    $400 20
Bruno Mars

Sarah
    $400 7
Merry Wives of Windsor

Sarah
    $400 16
Papua New Guinea

Triple Stumper
    $400 6
German

Ami
    $400 1
(Sarah: What is "God Bless America"?)
(Ami: What is "Battle Hymn Of The Republic"?)

"The Star-Spangled Banner"

AmiSarah
Triple Stumper
    $400 22
Hemingway

Ami
    $800 23
(Alex: Less than a minute now.)

Drake

Kevin
    $800 8
Love's Labour's Lost

Sarah
    $800 17
pine

Kevin
    $800 12
Danish

Sarah
    $800 2
(Ami: What is oxygen?)
(Sarah: What is nitrogen?)
(Kevin: What is hydrogen?)

helium

AmiKevinSarah
Triple Stumper
    $800 24
Spongebob Squarepants

Sarah
    $5,000 9
(Sarah: What is the...)
(Alex: Come on.)
(Sarah: Not coming.)

the Forest of Arden

Sarah
    $1200 18
(Sarah: What is Tokyo?)
(Ami: What is Kyoto?

"Ballad Of John And Yokohama"

AmiSarah
Triple Stumper
    $1200 13
(Ami: What is Scottish?)

Gaelic (or Irish)

AmiKevin
    $1200 3
telegraph

Kevin
    $1200 25
the Endurance

Triple Stumper
    $1600 10
Birnam Wood

Kevin
    $1600 19
the Ring of Fire

Ami
    $4,000 14
Icelandic

Kevin
    $1600 4
the Congo

Kevin
    $1600 26
(Kevin: Who is Ernest Tubbs?)

Tennessee Ernie Ford

Kevin
Triple Stumper
    $2000 11
(Ami: What is Coriolanus?)

Titus Andronicus

AmiSarah
    $2000 21
(Sarah: What is Guam?)

Ecuador

Sarah
Triple Stumper
    $2000 15
Navajo

Triple Stumper
    $2000 5
Paris

Kevin
    $2000 27
[The end-of-round signal sounds.]

Sir Ernest Rutherford

Triple Stumper

Scores at the end of the Double Jeopardy! Round:

Ami Kevin Sarah
$4,400 $15,200 $800
(lock game)

[wagering suggestions for these scores]

Final Jeopardy! Round responses

PRESIDENTIAL HOMES
(Alex: He retired to this home, then came out of retirement to become president of the United States, and then retired back there again.)
...
(Alex: [To Ami] The home of Andrew Jackson.)
SarahWhat is Peacefield?
$800
AmiWhat is Hermitage
$4,399
KevinWhat is the Hermitage
$800
Hermitage

Final scores:

Ami Kevin Sarah
$8,799 $16,000 $0
2nd place: $2,000 New champion: $16,000 3rd place: $1,000

Game dynamics:

Coryat scores:

Ami Kevin Sarah
$4,000 $12,800 $5,800
14 R
(including 1 DD),
6 W
17 R
(including 1 DD),
2 W
15 R,
6 W
(including 1 DD)

Combined Coryat: $22,600

The J! Archive is created by fans, for fans. The Jeopardy! game show and all elements thereof, including but not limited to copyright and trademark thereto, are the property of Jeopardy Productions, Inc. and are protected under law. This website is not affiliated with, sponsored by, or operated by Jeopardy Productions, Inc. Join the discussion at JBoard.tv.